[Event "Al Ain op 2nd"]
[Site "Al Ain"]
[Date "2013.12.24"]
[Round "6"]
[White "Batjancan, Purevjal"]
[Black "Ayyad, Husain Abdulgalil"]
[Result "1/2-1/2"]
[WhiteElo "2092"]
[BlackElo "2191"]
[PlyCount "58"]
[EventDate "2013.12.19"]
[EventType "swiss"]
[EventRounds "9"]
[EventCountry "UAE"]
[SourceTitle "CBM 158 Extra"]
[Source "ChessBase"]
[SourceDate "2014.02.28"]
[SourceVersion "1"]
[SourceVersionDate "2014.02.28"]
[SourceQuality "1"]

1. e4 e5 2. Nf3 Nc6 3. Bc4 Nf6 4. d4 exd4 5. 0-0 Nxe4 6. Re1 d5 7. Bxd5 Qxd5 8. Nc3 Qh5 9. Nxe4 Be6 10. Bg5 h6 11. Bf6 Qg6 12. Nh4 Qh7 13. f4 Be7 14. Bxe7 Nxe7 15. Qxd4 0-0 16. Ng3 Rad8 17. Qc5 Ng6 18. Nxg6 Qxg6 19. f5 Qg5 20. Re5 b6 21. Qf2 Bd5 22. Rae1 Bc6 23. Qe3 Qxe3+ 24. R5xe3 Rd2 25. R1e2 Rfd8 26. c4 Rd1+ 27. Re1 R1d4 28. b3 Rd2 29. R1e2 a5 1/2-1/2

[Event "Al Ain op 2nd"]
[Site "Al Ain"]
[Date "2013.12.23"]
[Round "5"]
[White "Kaboodi, Behrang"]
[Black "Batjancan, Purevjal"]
[Result "1-0"]
[WhiteElo "2044"]
[BlackElo "2092"]
[PlyCount "65"]
[EventDate "2013.12.19"]
[EventType "swiss"]
[EventRounds "9"]
[EventCountry "UAE"]
[SourceTitle "CBM 158 Extra"]
[Source "ChessBase"]
[SourceDate "2014.02.28"]
[SourceVersion "1"]
[SourceVersionDate "2014.02.28"]
[SourceQuality "1"]

1. d4 d5 2. Bf4 Nf6 3. c3 e6 4. e3 Bd6 5. Bg3 c5 6. Nd2 Nc6 7. Ngf3 0-0 8. Bd3 Qe7 9. Ne5 Nd7 10. Nxd7 Bxd7 11. Bxd6 Qxd6 12. dxc5 Qxc5 13. Bxh7+ Kxh7 14. Qh5+ Kg8 15. Ne4 Qc4 16. Ng5 Rfd8 17. Qxf7+ Kh8 18. Qh5+ Kg8 19. h4 Ne5 20. Rh3 Kf8 21. Nh7+ Kg8 22. Qxe5 Kxh7 23. Rg3 g6 24. h5 Qe4 25. hxg6+ Kg8 26. Qh5 Kg7 27. Qh7+ Kf6 28. Rf3+ Qxf3 29. gxf3 Be8 30. Qh8+ Kxg6 31. 0-0-0 Kf7 32. Rg1 Ke7 33. Rg7+ 1-0

[Event "Al Ain op 2nd"]
[Site "Al Ain"]
[Date "2013.12.22"]
[Round "4"]
[White "Batjancan, Purevjal"]
[Black "Salih, Akar Ali Salih"]
[Result "0-1"]
[WhiteElo "2092"]
[BlackElo "2313"]
[PlyCount "98"]
[EventDate "2013.12.19"]
[EventType "swiss"]
[EventRounds "9"]
[EventCountry "UAE"]
[SourceTitle "CBM 158 Extra"]
[Source "ChessBase"]
[SourceDate "2014.02.28"]
[SourceVersion "1"]
[SourceVersionDate "2014.02.28"]
[SourceQuality "1"]

1. e4 c5 2. Nf3 d6 3. d4 cxd4 4. Nxd4 Nf6 5. Nc3 a6 6. Be3 e5 7. Nb3 Be6 8. Qd2 Be7 9. 0-0-0 Nbd7 10. f4 Ng4 11. g3 Nxe3 12. Qxe3 Rc8 13. Kb1 b5 14. Nd5 Bxd5 15. exd5 0-0 16. Bh3 Bf6 17. Bxd7 Qxd7 18. Na5 exf4 19. Qxf4 Rc5 20. Rhe1 Be5 21. Qf3 Re8 22. Nc6 Bf6 23. Qf5 Qc8 24. Re4 h6 25. Qxc8 Rxc8 26. c3 Kf8 27. a4 h5 28. Kc2 Re8 29. Rxe8+ Kxe8 30. a5 b4 31. Nxb4 Rxa5 32. c4 Rc5 33. b3 Ra5 34. Rb1 Ra3 35. Kd3 a5 36. Nc2 Ra2 37. h3 Kd7 38. b4 a4 39. c5 a3 40. c6+ Kc8 41. b5 Rxc2 42. Kxc2 a2 43. b6 axb1Q+ 44. Kxb1 Bd4 45. b7+ Kc7 46. g4 hxg4 47. hxg4 Ba7 48. Kc2 Kb6 49. Kd3 Bb8 0-1

[Event "MGL-ch 53rd"]
[Site "Ulaanbaatar"]
[Date "2013.04.13"]
[Round "11"]
[White "Munkhgal, Gombosuren"]
[Black "Batjancan, Purevjal"]
[Result "1-0"]
[WhiteElo "2424"]
[BlackElo "2092"]
[PlyCount "67"]
[EventDate "2013.04.06"]
[EventType "tourn"]
[EventRounds "13"]
[EventCountry "MGL"]
[EventCategory "3"]
[SourceTitle "CBM 153 Extra"]
[Source "ChessBase"]
[SourceDate "2013.04.22"]
[SourceVersion "1"]
[SourceVersionDate "2013.04.22"]
[SourceQuality "1"]

1. d4 d5 2. c4 dxc4 3. Nf3 a6 4. e4 b5 5. a4 Bb7 6. Nc3 e6 7. e5 b4 8. Nb1 c5 9. Bxc4 cxd4 10. 0-0 Ne7 11. Nbd2 Ng6 12. Bd3 Nd7 13. Bxg6 hxg6 14. Nc4 Rc8 15. b3 Nb6 16. Bg5 Qc7 17. Rc1 Bc5 18. Nd6+ Bxd6 19. Rxc7 Bxc7 20. Qxd4 Bxf3 21. gxf3 0-0 22. Qxb4 Nd5 23. Qe4 Rb8 24. Rc1 Rxb3 25. Be7 Re8 26. Bd6 Bb6 27. h4 Rb2 28. Rc2 Rxc2 29. Qxc2 Ra8 30. Qc6 Ra7 31. Bb8 Re7 32. Qc8+ Kh7 33. Qxa6 Bd4 34. a5 1-0

[Event "MGL-ch 53rd"]
[Site "Ulaanbaatar"]
[Date "2013.04.11"]
[Round "10"]
[White "Batjancan, Purevjal"]
[Black "Battulga, Namkhai"]
[Result "0-1"]
[WhiteElo "2092"]
[BlackElo "2410"]
[PlyCount "86"]
[EventDate "2013.04.06"]
[EventType "tourn"]
[EventRounds "13"]
[EventCountry "MGL"]
[EventCategory "3"]
[SourceTitle "CBM 153 Extra"]
[Source "ChessBase"]
[SourceDate "2013.04.22"]
[SourceVersion "1"]
[SourceVersionDate "2013.04.22"]
[SourceQuality "1"]

1. c4 c6 2. d4 d5 3. cxd5 cxd5 4. Nf3 Nc6 5. Nc3 Nf6 6. Bf4 Bf5 7. e3 e6 8. Bd3 Bb4 9. Bxf5 exf5 10. 0-0 Bxc3 11. bxc3 0-0 12. Bg5 h6 13. Bxf6 Qxf6 14. Qa4 Qe6 15. c4 dxc4 16. Rac1 Ne7 17. Rxc4 Nd5 18. Rc5 Rfc8 19. Rfc1 b6 20. Rxc8+ Rxc8 21. Rxc8+ Qxc8 22. h3 a6 23. Ne5 f6 24. Qb3 Qe6 25. Nc4 Kf7 26. a4 a5 27. Na3 f4 28. Nc4 fxe3 29. fxe3 Nxe3 30. Ne5+ fxe5 31. Qxe3 exd4 32. Qxd4 Qc6 33. Qf4+ Kg8 34. h4 Qg6 35. g4 h5 36. g5 Qe6 37. Kf2 Kh7 38. Qd4 Kg6 39. Qb2 Qf5+ 40. Ke3 Qc5+ 41. Kd3 Qd5+ 42. Ke3 Qe6+ 43. Kd4 Kf5 0-1

[Event "MGL-ch 53rd"]
[Site "Ulaanbaatar"]
[Date "2013.04.11"]
[Round "9"]
[White "Bayarkhuu, Hurelchuluun"]
[Black "Batjancan, Purevjal"]
[Result "0-1"]
[WhiteElo "1908"]
[BlackElo "2092"]
[PlyCount "134"]
[EventDate "2013.04.06"]
[EventType "tourn"]
[EventRounds "13"]
[EventCountry "MGL"]
[EventCategory "3"]
[SourceTitle "CBM 153 Extra"]
[Source "ChessBase"]
[SourceDate "2013.04.22"]
[SourceVersion "1"]
[SourceVersionDate "2013.04.22"]
[SourceQuality "1"]

1. d4 d5 2. c4 dxc4 3. Nf3 a6 4. Nc3 Nf6 5. Qa4+ b5 6. Qc2 Nc6 7. Be3 Nb4 8. Qb1 Bb7 9. a4 c6 10. g3 e6 11. Bg2 Be7 12. 0-0 0-0 13. Ne5 Qc7 14. f4 c5 15. Bxb7 Qxb7 16. dxc5 Rac8 17. axb5 axb5 18. Ra5 Bxc5 19. Bf2 Bxf2+ 20. Rxf2 Rc5 21. h3 Ra8 22. Rxa8+ Qxa8 23. Rf1 Nbd5 24. Rd1 b4 25. Nxd5 exd5 26. Qf5 Qc8 27. Qxc8+ Rxc8 28. Kf2 c3 29. bxc3 bxc3 30. Ke3 c2 31. Rc1 Rc3+ 32. Kd4 Ne4 33. Nf3 Rc8 34. g4 Nf2 35. Ke3 Nxh3 36. Nd4 Re8+ 37. Kf3 Nxf4 38. Rxc2 Ne6 39. Nc6 Kf8 40. Ra2 Rc8 41. Ne5 Rc7 42. Ra5 f6 43. Nd3 d4 44. Nb4 Rb7 45. Nc6 Rc7 46. Nb4 Rc3+ 47. Kf2 Kf7 48. Nd5 Rc5 49. Ra7+ Kg6 50. Nb4 Re5 51. Nc6 Re4 52. Ne7+ Kg5 53. Nf5 Rf4+ 54. Ke1 g6 55. Nd6 Rxg4 56. Re7 Nc5 57. Rxh7 Ne4 58. Nf7+ Kf4 59. Rh1 Rg3 60. Rf1+ Ke3 61. Nd8 f5 62. Nc6 Nc3 63. Ne5 Nxe2 64. Nc4+ Kd3 65. Ne5+ Kc3 66. Nxg6 Rxg6 67. Kxe2 d3+ 0-1

[Event "MGL-ch 53rd"]
[Site "Ulaanbaatar"]
[Date "2013.04.08"]
[Round "5"]
[White "Munguntuul, Batkhuyag"]
[Black "Batjancan, Purevjal"]
[Result "1-0"]
[WhiteElo "2436"]
[BlackElo "2092"]
[PlyCount "105"]
[EventDate "2013.04.06"]
[EventType "tourn"]
[EventRounds "13"]
[EventCountry "MGL"]
[EventCategory "3"]
[SourceTitle "CBM 153 Extra"]
[Source "ChessBase"]
[SourceDate "2013.04.22"]
[SourceVersion "1"]
[SourceVersionDate "2013.04.22"]
[SourceQuality "1"]

1. e4 e5 2. Nf3 Nf6 3. Nxe5 d6 4. Nf3 Nxe4 5. Nc3 Nxc3 6. dxc3 Be7 7. Bf4 0-0 8. Qd2 Nd7 9. 0-0-0 Nc5 10. h4 Bf6 11. h5 h6 12. Bc4 Be6 13. Bd5 Qd7 14. Be3 Qa4 15. Bxc5 Bxd5 16. Qxd5 dxc5 17. Kb1 Qb5 18. Nd4 Bxd4 19. cxd4 b6 20. g4 c6 21. Qf3 cxd4 22. Rxd4 Rad8 23. Rhd1 Rxd4 24. Rxd4 f5 25. a4 Qc5 26. Rd7 fxg4 27. Qxg4 Qg5 28. Qe6+ Kh8 29. Rf7 Rd8 30. Rf5 Qg2 31. Ka2 Rg8 32. b3 a6 33. Kb2 b5 34. a5 Qg4 35. Qe5 Qb4 36. Qc3 Qd6 37. Rc5 Rc8 38. b4 Kg8 39. Qb3+ Kh8 40. Qc3 Qf4 41. f3 Rc7 42. Re5 Rc8 43. Re6 Kg8 44. Re7 Qf8 45. Qe5 Rd8 46. f4 Kh8 47. f5 Rd5 48. Qe6 Qf6+ 49. Qxf6 gxf6 50. Ra7 c5 51. Rxa6 Kg7 52. Ra7+ Kh8 53. a6 1-0

[Event "MGL-ch"]
[Site "Ulaanbaatar"]
[Date "2009.04.15"]
[Round "8"]
[White "Batjancan, Purevjal"]
[Black "Gunbayar, Myagmarsuren"]
[Result "0-1"]
[WhiteElo "2136"]
[BlackElo "2283"]
[PlyCount "178"]
[EventDate "2009.04.11"]
[EventType "tourn"]
[EventRounds "17"]
[EventCountry "MGL"]
[EventCategory "2"]
[SourceTitle "CBM 130 Extra"]
[Source "ChessBase"]
[SourceDate "2009.07.02"]
[SourceVersion "2"]
[SourceVersionDate "2009.07.15"]
[SourceQuality "1"]

1. e4 e5 2. Nf3 Nf6 3. Nxe5 d6 4. Nf3 Nxe4 5. d4 d5 6. Bd3 Bd6 7. 0-0 0-0 8. c4 c6 9. cxd5 cxd5 10. Qc2 f5 11. Qb3 Kh8 12. Nc3 Nc6 13. Kh1 Be6 14. Nb5 Bb8 15. Nc3 Bd6 16. Nb5 Bb8 17. Nc3 Qd7 18. Bb5 Bd6 19. Ne2 Qc7 20. g3 Na5 21. Qd1 Qb6 22. Bd3 Bf7 23. Nh4 Bh5 24. f3 Rae8 25. Bc2 Qa6 26. Bd3 Qc6 27. Ng2 Qd7 28. Ngf4 Nf6 29. b3 Nc6 30. a3 Bf7 31. b4 Nh5 32. Ng2 a6 33. Bd2 Qe6 34. Kg1 Qf6 35. Bc3 Bb8 36. b5 axb5 37. Bxb5 Qe6 38. Re1 Qg6 39. Qd3 Be6 40. a4 Qg5 41. f4 Qh6 42. a5 Bc8 43. Bd2 Ba7 44. Bxc6 Qxc6 45. Nh4 Nf6 46. Nf3 Ne4 47. Kg2 Qc4 48. Qxc4 dxc4 49. Bb4 Rf6 50. d5 h6 51. Nc3 Bd7 52. Ne5 Bc8 53. Nxe4 fxe4 54. Rxe4 Kh7 55. Rxc4 b5 56. axb6 Bxb6 57. Bc5 Bb7 58. Bxb6 Bxd5+ 59. Kf2 Bxc4 60. Nxc4 Rc6 61. Ra4 Rec8 62. Ne5 Rxb6 63. Ra2 Rc3 64. Kg2 Rcb3 65. h4 Rb2+ 66. Rxb2 Rxb2+ 67. Kh3 h5 68. Nd3 Ra2 69. Nb4 Rd2 70. Nc6 Kg6 71. Ne5+ Kf5 72. Nf3 Ra2 73. Nd4+ Ke4 74. Ne6 Kf3 75. Nxg7 Ra1 76. Kh2 Kg4 77. f5 Ra2+ 78. Kg1 Kxg3 79. Nxh5+ Kxh4 80. Nf6 Kg5 81. Ne4+ Kxf5 82. Nf2 Kf4 83. Nd3+ Ke3 84. Ne5 Ra4 85. Kg2 Re4 86. Nf7 Kf4 87. Kf2 Rd4 88. Ke2 Rd7 89. Nh6 Kg5 0-1